Normal view
MARC view
Entry Topical Term
001 - CONTROL NUMBER
- control field: 30636
003 - CONTROL NUMBER IDENTIFIER
- control field: ARRUPE
005 - DATE AND TIME OF LATEST TRANSACTION
- control field: 20170509122617.0
008 - FIXED-LENGTH DATA ELEMENTS
- fixed length control field: 170509|| aca||aabn | a|a d
040 ## - CATALOGING SOURCE
- Original cataloging agency: ARRUPE
- Transcribing agency: ARRUPE
150 ## - HEADING--TOPICAL TERM
- Topical term or geographic name as entry element:
- : Good and evil
670 ## - SOURCE DATA FOUND
- Source citation: Work cat.: (ARRUPE)42523: Hughes, Anthony John 30634, East Africa : the search for unity, 1963